Polymeric drugs & drug delivery systems / (Record no. 20924)

MARC details
000 -LEADER
fixed length control field 00953cam a22003015a 4500
001 - CONTROL NUMBER
control field 12201521
005 - DATE AND TIME OF LATEST TRANSACTION
control field 20151017091950.0
008 - FIXED-LENGTH DATA ELEMENTS--GENERAL INFORMATION
fixed length control field 001013r20022001flua frb 001 0 eng d
020 ## - INTERNATIONAL STANDARD BOOK NUMBER
International Standard Book Number 1566769566
020 ## - INTERNATIONAL STANDARD BOOK NUMBER
International Standard Book Number 9781566769563
040 ## - CATALOGING SOURCE
Original cataloging agency DLC
Language of cataloging eng
Transcribing agency DLC
Modifying agency DLC
-- EG-ScBUE
082 04 - DEWEY DECIMAL CLASSIFICATION NUMBER
Classification number 615.1
Item number POL
Edition number 22
245 00 - TITLE STATEMENT
Title Polymeric drugs & drug delivery systems /
Statement of responsibility, etc edited by Raphael M. Ottenbrite, Sung Wan Kim.
246 3# - VARYING FORM OF TITLE
Title proper/short title Polymeric drugs and drug delivery systems
250 ## - EDITION STATEMENT
Edition statement Reprint ed.
260 ## - PUBLICATION, DISTRIBUTION, ETC. (IMPRINT)
Place of publication, distribution, etc Boca Raton :
Name of publisher, distributor, etc CRC Press,
Date of publication, distribution, etc 2002.
300 ## - PHYSICAL DESCRIPTION
Extent xiv, 313 p. :
Other physical details ill. ;
Dimensions 24 cm.
500 ## - GENERAL NOTE
General note Index : p. 311-313.
500 ## - GENERAL NOTE
General note the printed of the 2001 ed.
504 ## - BIBLIOGRAPHY, ETC. NOTE
Bibliography, etc Includes bibliographical references.
650 #0 - SUBJECT ADDED ENTRY--TOPICAL TERM
Topical term or geographic name as entry element Polymeric drugs.
Source of heading or term BUEsh
651 ## - SUBJECT ADDED ENTRY--GEOGRAPHIC NAME
Source of heading or term BUEsh
653 ## - INDEX TERM--UNCONTROLLED
Resource For college Pharmacy
Arrived date list October2015
655 ## - INDEX TERM--GENRE/FORM
Form subdivision Reading book
-- 34232
700 1# - ADDED ENTRY--PERSONAL NAME
Personal name Ottenbrite, Raphael M.,
Relator term editor.
700 1# - ADDED ENTRY--PERSONAL NAME
Personal name Kim, Sung Wan.,
Relator term editor.
942 ## - ADDED ENTRY ELEMENTS (KOHA)
Source of classification or shelving scheme Dewey Decimal Classification
Holdings
Withdrawn status Item status Source of classification or shelving scheme Damaged status Not for loan Home library Current library Shelving location Date acquired Source of acquisition Cost, normal purchase price Total Checkouts Total Renewals Full call number Barcode Date last seen Date last borrowed Cost, replacement price Koha item type
    Dewey Decimal Classification     Central Library Central Library First floor 15/10/2015 Purchase 1395.00 1 1 615.1 POL 000039939 15/07/2025 27/03/2016 1744.00 Book - Borrowing